000 00455nam a2200157 4500
001 109559
003 ES-MaACL
005 20230906184851.0
007 t|
008 061121s1972 sp r ||||1| spa d
100 1 _aOllé Carreras, José.
_986902
245 1 3 _aEl posoperatorio urológico /
_cDr. José Ollé Carreras.
260 _aZaragoza :
_b[s.n.],
_c1972 (
_fImp. Sugrañes)
300 _a189 p. ;
_c24 cm.
852 _aES-MaACL
_jC-43123
_bR.81567
999 _c109559
_d109559